| 000 | 00798nam a2200205 a 4500 | ||
|---|---|---|---|
| 001 | 000026340 | ||
| 005 | 20200930024518.0 | ||
| 008 | 110314s1986 000 spa d | ||
| 020 | _a8489525226 | ||
| 040 |
_aDO-SdBNP _bspa _cBNPHU |
||
| 245 | 0 | 0 |
_aÍndice analítico de archivos dominicanos de pediatría 1965-1984 / _ccompilado por Manuel de Jesús Roa Santana y Lucero Arboleda de Roa ; con la colaboración de Chabela Peña. |
| 260 |
_aSanto Domingo : _bInstituto Tecnológico de Santo Domingo, _c1986. |
||
| 300 |
_aviii, 161 p. ; _c23 cm. |
||
| 490 | 1 |
_aSerie bibliográfica ; _vno. 5 |
|
| 700 | 1 | 2 |
_aArboleda de Roa, Lucero. _931310 |
| 700 | 1 | 2 |
_aRoa Santana, Manuel de Jesús _931309 |
| 700 | 1 | 2 |
_aPeña, Chabela. _953370 |
| 830 | 0 |
_aSerie bibliográfica ; _vno. 5 _953371 |
|
| 049 | _aBNPD | ||
| 999 |
_c25832 _d25832 |
||